<The> Recreational function of the Dunajec river and Pieniny mauntains in transormation dynamics of natural and social environment
Prezentácia výsledkov výskumu zameraného na využitie udržateľného turizmu v slovensko-poľskej cezhraničnej spolupráci. Cieľom bolo porovnanie minulých a súčasných rekreačných a príbuzných aktivít v oblasti Dunajca a Pienin, a návrh metód na ďaľší rozvoj turizmu v tejto destinácii.
Enregistré dans:
| Auteur principal: | |
|---|---|
| Autres auteurs: | |
| Format: | Chapitre de livre |
| Langue: | anglais |
| Sujets: | |
| Tags: |
Pas de tags, Soyez le premier à ajouter un tag!
|
MARC
| LEADER | 00000naa a2200000 4500 | ||
|---|---|---|---|
| 001 | 0145751 | ||
| 005 | 20240502072630.1 | ||
| 041 | 0 | |a eng | |
| 044 | |a SK | ||
| 245 | 1 | 0 | |a <The> Recreational function of the Dunajec river and Pieniny mauntains in transormation dynamics of natural and social environment |c Darina Eliašová, Boguslaw Stankiewicz |
| 520 | |a Prezentácia výsledkov výskumu zameraného na využitie udržateľného turizmu v slovensko-poľskej cezhraničnej spolupráci. Cieľom bolo porovnanie minulých a súčasných rekreačných a príbuzných aktivít v oblasti Dunajca a Pienin, a návrh metód na ďaľší rozvoj turizmu v tejto destinácii. | ||
| 610 | 2 | 0 | |a ruch cestovný |
| 610 | 2 | 0 | |a rekreácia |
| 610 | 2 | 0 | |a spolupráca cezhraničná |
| 610 | 2 | 0 | |a Poľsko |
| 610 | 2 | 0 | |a Slovensko |
| 610 | 2 | 0 | |a turistika |
| 610 | 2 | 0 | |a rozvoj trvalo udržateľný |
| 100 | 1 | |a Eliašová, Darina | |
| 700 | 1 | |a Stankiewicz, Boguslaw | |